| 000 | 007280000a22002290004500 | ||
|---|---|---|---|
| 003 | LK-CoMWRAF | ||
| 005 | 20240624155811.0 | ||
| 008 | 230817t2006 ||||| |||| 00| 0 eng d | ||
| 020 | _a9551542002 | ||
| 040 |
_aLK-CoMWRAF _dLK-CoMWRAF _eLK-CoMWRAF |
||
| 041 | _atam | ||
| 082 |
_a305.8 _bNOO |
||
| 100 |
_aநூருல்ஹக், எம்.எம்.எம். _vNoorulhaq, M.M.M. |
||
| 245 | _aமுஸ்லிம் பூர்விகம் | ||
| 246 | _aMuslim Poorviham | ||
| 260 |
_aSainthamaruthu: _bMarutham Kalai Ilakkiya Vaddam, _c2006 |
||
| 300 | _a126 p. | ||
| 650 | _aMUSLIM ORIGIN | ||
| 650 | _aMuslim community-Sri Lanka | ||
| 856 | _uhttps://noolaham.net/project/38/3736/3736.pdf | ||
| 942 | _cBK | ||
| 999 |
_c2385 _d2385 |
||